Religion Quiz

Random Religion or Islam Quiz
Score 0/15 Timer 03:00
8 Plays Today
% Correct
Protestant Christianity
90.6%
Hinduism
89.8%
Catholic Christianity
89.7%
Korean folk
religions
86.2%
Eastern Orthodox Christianity
84.3%
Sunni Islam
80.2%
Shinto
78.8%
Shia Islam
76.9%
% Correct
Judaism
73.2%
Taoism and
folk religions
71.8%
Theravada
Buddhism
65.6%
Traditional African religion
53.7%
Ibadi Islam
46.9%
Vajrayana
Buddhism
44.2%
Oriental
Orthodox
Christianity
38.2%
Remove Ads.
Support Sporcle.
Get the best of Sporcle when you Go Orange. This ad-free experience offers more features, more stats, and more fun while also helping to support Sporcle. Thank you for becoming a member.

You're not logged in!

Compare scores with friends on all Sporcle quizzes.
OR
Log In

Show Comments

Extras

Top Quizzes Today


Score Distribution

Your Account Isn't Verified!

In order to create a playlist on Sporcle, you need to verify the email address you used during registration. Go to your Sporcle Settings to finish the process.

Report this User

Report this user for behavior that violates our Community Guidelines.

Details: